Catálogo

LA FILOSOFIA ITALIANA NEL SECOLO XX (Registro nro. 46738)

Detalles MARC
000 -LEADER
fixed length control field 01019nam a2200193 a 4500
001 - CONTROL NUMBER
control field 46738
005 - DATE AND TIME OF LATEST TRANSACTION
control field 20180714030425.0
008 - FIXED-LENGTH DATA ELEMENTS--GENERAL INFORMATION
fixed length control field 140415s1997 it 000 0 ita d
041 ## - LANGUAGE CODE
Language code of text/sound track or separate title ita
082 ## - DEWEY DECIMAL CLASSIFICATION NUMBER
Classification number 195
Item number OPE
100 1# - MAIN ENTRY--PERSONAL NAME
Personal name SCIACCA, MICHELE FEDERICO
245 13 - TITLE STATEMENT
Title LA FILOSOFIA ITALIANA NEL SECOLO XX
250 ## - EDITION STATEMENT
Edition statement 1a ed.
260 ## - PUBLICATION, DISTRIBUTION, ETC.
Place of publication, distribution, etc. ITALIA :
Name of publisher, distributor, etc. LEPOS,
Date of publication, distribution, etc. 1997
300 ## - PHYSICAL DESCRIPTION
Extent
Dimensions 14.6 x 3.8 x 22.6
490 ## - SERIES STATEMENT
Series statement OPERE DI MICHELE FEDERICO SCIACCA
520 ## - SUMMARY, ETC.
Summary, etc. NEL PRIMO DECENNIO DELLA SECONDA METÁ DEL SECOLO XIX IL PENSIERO ITALIANO COMINCIA GIÁ AD ORIENTARSI VERSO METODI E PROBLEMI CHE LO DIFFERENZIANO E LO ALLONTANANO DALLA SPECULAZIONE IMMEDIATAMENTE PRECEDENTE. LO SPIRITUALISMO, NELLE DUE FORME PRINCIPALI DEL ROSMINI E DEL GIOBERTI, CHE POSSONO CONSIDERARSI LA FILOSOFIA DELL´ETÁ DEL NOSTRO ROMANTICISMO, IL QUALE IN TUTTI I SUOI ASPETTI SI CONGIUNGE ALLA TRADIZIONE CATTOLICA E LA RINNOVA, ESAURISCE A POCO A POCO LA SUA VITALITÁ NELLA LARG
650 14 - SUBJECT ADDED ENTRY--TOPICAL TERM
Topical term or geographic name entry element FILOSOFIA MODERNA
General subdivision ITALAIA
Existencias
Withdrawn status Lost status Source of classification or shelving scheme Damaged status Not for loan Collection code Home library Current library Shelving location Date acquired Source of acquisition Inventory number Total Checkouts Full call number Barcode Date last seen Price effective from Koha item type
    Dewey Decimal Classification     General Biblioteca Karol Wojtyla Biblioteca Karol Wojtyla Sala general 03/12/2013 Compra 151000000000000000062444   195 OPE 70101 05/01/2026 03/12/2013 Libro
    Dewey Decimal Classification     General Biblioteca Karol Wojtyla Biblioteca Karol Wojtyla Sala general 03/12/2013 Compra 151000000000000000062445   195 OPE 70102 05/01/2026 03/12/2013 Libro